Privatization in transition countries <a>sampling of the literature

Guardado en:
Detalles Bibliográficos
Autor principal: Havrylyshyn, Oleh
Otros Autores: MacGettigan, Donald
Formato: Libro
Lenguaje:inglés
Publicado: Washington International Monetary Fund 1999
Colección:IMF Working Paper 6
Materias:
Etiquetas: Agregar Etiqueta
Sin Etiquetas, Sea el primero en etiquetar este registro!

MARC

LEADER 00000nam a2200000 4500
001 c109460
005 20221221083318.6
041 0 |a eng 
044 |a US 
245 1 0 |a Privatization in transition countries  |b <a>sampling of the literature  |c Oleh Havrylyshyn and Donald MacGettigan 
264 1 |a Washington  |b International Monetary Fund  |c 1999 
300 |a 44 s. 
490 1 |a IMF Working Paper  |v 6 
830 0 |a IMF Working Paper  |v 6 
610 2 0 |a privatizácia 
610 2 0 |a situácia hospodárska 
610 2 0 |a SVE 
610 2 0 |a porovnanie medzinárodné 
610 2 0 |a podnikanie súkromné 
610 2 0 |a reštitúcia 
100 1 |a Havrylyshyn, Oleh 
700 1 |a MacGettigan, Donald